000 00741nam a2200241Ia 4500
003 OSt
005 20220923221312.0
006 a|||||r|||| 00| 0
007 ta
008 220922b |||||||| |||| 00| 0 hin d
024 _a196,820
037 _cTextual
040 _aARTS
_cARTS
_bhin
041 _2hin
_ahin
082 _aP152, K8
100 _aैमहरोत्रा, रमेश चन्द्र
_9163685
245 0 _aभाषैषणा
246 _aBhāṣhaiṣhaṇā
260 _aरायपुर
_b प्रका0 विभाग
_c1968
300 _a100पृ.
_ccm.
942 _hP152, K8
_cTEXL
_2CC
999 _c348691
_d348691